[Event "Loebau-Zittau KSK op"]
[Site "Leutersdorf"]
[Date "2004.02.15"]
[Round "7"]
[White "Bogdanovich, Grigory Grigorievic"]
[Black "Schaefer, Viktor"]
[Result "1-0"]
[WhiteElo "2357"]
[BlackElo "1761"]
[PlyCount "67"]
[EventDate "2004.02.13"]
[EventType "swiss"]
[EventRounds "7"]
[EventCountry "GER"]
[SourceTitle "CBM 098 Extra"]
[Source "ChessBase"]
[SourceDate "2004.03.10"]
[SourceVersion "2"]
[SourceVersionDate "2004.03.10"]
[SourceQuality "1"]

1. d4 d5 2. Nf3 e6 3. e3 c6 4. c4 f5 5. Nc3 Nf6 6. Bd2 Bd6 7. Qc2 0-0 8. 0-0-0 Ne4 9. Be1 Nd7 10. Nd2 Bb4 11. Ndb1 a5 12. f3 Nxc3 13. Nxc3 Nf6 14. a3 Be7 15. c5 b6 16. cxb6 Qxb6 17. Na4 Qa7 18. Kb1 Rb8 19. Ka2 Bd7 20. Bg3 Rb7 21. Rd3 Rc8 22. Nc5 Rb6 23. Be2 Ne8 24. Rc1 Bd6 25. Bxd6 Nxd6 26. Rc3 Rcb8 27. b3 Nf7 28. Bd3 Nd6 29. a4 Rb4 30. Qf2 R4b6 31. Qg3 Ne8 32. Qe5 Qc7 33. Qxc7 Nxc7 34. Nxd7 1-0

[Event "Loebau-Zittau KSK op"]
[Site "Leutersdorf"]
[Date "2004.02.14"]
[Round "4"]
[White "Roessler, Ulrike"]
[Black "Schaefer, Viktor"]
[Result "1-0"]
[WhiteElo "2221"]
[BlackElo "1761"]
[PlyCount "47"]
[EventDate "2004.02.13"]
[EventType "swiss"]
[EventRounds "7"]
[EventCountry "GER"]
[SourceTitle "CBM 098 Extra"]
[Source "ChessBase"]
[SourceDate "2004.03.10"]
[SourceVersion "2"]
[SourceVersionDate "2004.03.10"]
[SourceQuality "1"]

1. e4 e6 2. d4 d5 3. Nc3 Bb4 4. e5 Ne7 5. a3 Bxc3+ 6. bxc3 c5 7. Qg4 cxd4 8. cxd4 Qc7 9. Bd2 Nbc6 10. Nf3 Ng6 11. h4 h5 12. Qg3 Bd7 13. Bd3 Nce7 14. Ng5 f6 15. exf6 Qxg3 16. f7+ Kd8 17. fxg3 Nf5 18. 0-0 Kc7 19. Rae1 Nf8 20. Nxe6+ Bxe6 21. Bxf5 Bxf5 22. Rxf5 Rd8 23. Bb4 Nh7 24. Rxh5 1-0